000 01269nam a2200373 c 4500
001 12815
003 ES-MaCES
005 20190103040052.0
008 011010s2001 sp t 000 | spa d
017 _aV-2483-2001
_bDL
020 _a8484423387
035 _aCES20010015455m
040 _aES-MaCES
_bspa
_cES-MaCES
100 1 _aCamps Ruiz, Luis Miguel
_98856
245 1 4 _aLas empresas de trabajo temporal
_b: un análisis de su régimen legal y convencional
_cLuis Miguel Camps Ruiz
260 _aValencia
_bTirant lo Blanch
_c2001
300 _a133 p.
_c21 cm
490 1 _aColección Laboral (Tirant lo Blanch (Firma))
_v124
541 _cCompra
650 4 _aempresa de trabajo temporal
_929837
650 4 _acontrato de trabajo
_928316
650 4 _acondiciones de trabajo
_928327
650 4 _aderechos de los trabajadores
_929924
650 4 _aderechos de la dirección
_929896
650 4 _aEspaña
_926964
650 4 _aderecho del trabajo
_927165
650 4 _arégimen jurídico
_929894
653 1 0 _aRelaciones laborales-Empleo
650 4 _928369
_arelaciones laborales
830 0 _aLaboral (Tirant lo Blanch (Firma))
_v124
_932672
902 _aLIB Libro
942 _2CES
_cBK
_h2.0.
999 _c12815
_d12815